000 00513nam a22001577a 4500
008 220224b |||||||| |||| 00| 0 eng d
020 _a0879440627
050 _aHD 4903 .Q5 1975
100 _aQuinn,Robert.
245 _aThe decision to discriminate:
_b a study of executive selection/
_cQuinn,Robert P.
260 _aMichigan:
_bSurvey research center,
_cc1975.
300 _avii,162p.:
_c23cm
700 _aTabor,Joyce M.
700 _aGordon,Laura K.
942 _2lcc
_cBOOKS
_hHD 4903 .Q5 1975
999 _c31178
_d31178